| 000 | 02064nam a22001817a 4500 | ||
|---|---|---|---|
| 999 |
_c14824 _d14824 |
||
| 008 | 200109b ||||| |||| 00| 0 eng d | ||
| 082 |
_22019 _aUT1394 _bC17 |
||
| 100 |
_aCapoy, Bee Jess W. _941143 |
||
| 245 |
_aGrammatical Profiling of College Students: _bBasis for Educational Intervention/ _cBee Jess W. Capoy, Janice P. Enclona and Colleen Kay C. Florentino |
||
| 260 |
_aDigos City _bUMDC _cDecember 2019 |
||
| 300 |
_a32 pages _c30cm |
||
| 520 | _aThis study aimed to determine the demographic profile of the respondent in terms of specialization, determine the lev el of grammatical proficiency of students in terms of parts of speech, classification of verbs, and sentence structures, to identify the overall performance on grammatical proficiency test as analyzed by specialization, and to formulate an education intervention plan. The study used the descriptive method of research wherein the quantitative data were gathered using a grammar proficiency test questionnaire. The respondents were 179 freshmen students of the Department of Teacher Education in UMDC. After a thorough analysis, results showed that the level of grammar proficiency of the respondents in terms of parts of speech, classification of verbs, and sentence structures is beginning which means that the respondents described to have very poor level on grammatical achievement. Moreover, the overall performance on grammatical proficiency test as analyzed by specialization showed that BSED-Biological Science got the highest scoring area of 53%, followed by BSED -English rated 51%, next was BSED-Mathematics rated 50%, and then followed by BSED- Filipino and BPE who got the same average score of 42% respectively. Based from the findings of the study, the researchers crafted an educational intervention plan to address the deplorable performance of the respondents. | ||
| 650 |
_aEducation _vEnglish _xUndergraduate Thesis _941144 |
||
| 700 |
_aCapoy, Bee Jess W. _941145 |
||
| 700 |
_aEnclona, Janice P. _941146 |
||
| 700 |
_aFlorentino, Colleen Kay C. _941147 |
||
| 942 |
_2ddc _cUT |
||